Intra-ACP academic mobility scheme Scholarship holders’ impact survey results

Bibliographic Details
Format: eBook
Language:English
Published: Bruselas: European Union Publications Office, 2020
Subjects:
Online Access:Acceso restringido

MARC

LEADER 00000nam a22000007a 4500
005 20220202213617.0
007 cr|||| ||||
008 220202s2020 eu |||||s||||i00||0 eng d
020 |a 978-92-9484-337-1 
035 |a 34753 
040 |a vLex 
090 |c 12902  |d 12902 
245 0 0 |a Intra-ACP academic mobility scheme  |h [Recurso electrn̤ico] :  |b Scholarship holders’ impact survey results 
256 |a Servicio en ln̕ea 
260 |a Bruselas:  |b European Union Publications Office,  |c 2020 
300 |a 1 recurso electrn̤ico 
500 |a The Intra-ACP Academic Mobility Scheme – Scholarship Holders’ Impact Survey Results presents the results of a survey carried out in the form of a questionnaire during the period December 2018 – January 2019. The survey was launched with the aim to evaluate the implementation of the Intra- ACP Academic Mobility Scheme, the experience and satisfaction of the scholarship holders, as well as the impact on individuals who benefitted from the Mobility Scheme. The results also provide a useful guidance and a reference point for the development of future mobility programmes in the targeted regions. The following pages provide an encouraging picture of the Programme. The majority of respondents view their experience during mobility very positively both from an academic and administrative perspective. In addition, most of the scholarship holders who took part in the survey agree that their participation in the Programme has had a very positive impact on their personal and professional development. Nearly all survey participants reported that they either returned or intend to return to their home country, which suggests that the favourable impact on the scholarship holders would spillover in their countries of origin resulting in brain gain. However, the survey results also draw attention to several challenges that need to be addressed, including tackling gender imbalance, improving feedback loops and recognition, as well as uneven mobility flows. 
506 1 |a Disponible solo en los productos indicados  |d vLex Global  |d vLex Global (Academic Edition, excluding Law Schools)  |d vLex Global (U.S. Academic Edition, Law Schools)  |d vLex Global (U.S. Academic Edition, excluding Law Schools)  |d vLex Global (Academic Edition, Law Schools) 
650 0 4 |a Derecho Comunitario  |z Unin̤ Europea 
740 0 |a vLex Libros (Servicio en ln̕ea) 
856 4 0 |u https://app.vlex.com/#/sources/34753  |z Acceso restringido 
942 |c BOOK 
999 0 |a Community Law